Générique L'école des champions - Paroles - Statistiques

Statistiques générales
  • Ce quiz a été pris 72 fois
  • Le résultat moyen est 8 sur 9
Statistiques - réponses
Paroles % Correct
Taper dans ce {ballon}
100%
Viens à l'école des {champions}
100%
Viens à l'école des {champions}
100%
Pour devenir enfin le {meilleur}
99%
Te battre avec {passion}
93%
Et donner tout ton {coeur}
91%
Le but de la {victoire}
91%
Te conduise à la {gloire}
84%
Pour qu'enfin un beau {soir}
76%
Aucun quiz correspondant
Distribution des résultats
% des personnes avec chaque résultat
Percentile par nombre de réponses
Votre historique - résultats
Vous n’avez pas pris ce quiz